| 000 | 00638nam a2200169 i 4500 | ||
|---|---|---|---|
| 001 | 30666 | ||
| 003 | ES-MaACL | ||
| 005 | 20230906154232.0 | ||
| 007 | t| | ||
| 008 | 030127s1934 sp ||||1| spa d | ||
| 100 | 1 |
_aBatardon, Léon. _926406 |
|
| 245 | 1 | 0 |
_aElementos de contabilidad para uso de los alumnos de las escuelas prácticas de comercio y de industria de las escuelas primarias superiores y de las escuelas comerciales y profesionales / _cLeón Batardon. |
| 250 | _a2ª reimp. | ||
| 260 |
_aBarcelona : _b[s.n., _c1934] ( _fTalls. Gráfs. Iberoamericanos) |
||
| 300 |
_a400 p. ; _c20 cm. |
||
| 852 |
_aES-MaACL _jA-5126 _bR.18034 |
||
| 999 |
_c30666 _d30666 |
||